000 00259nam a22001097a 4500
040 _crua
082 _aFRA MIC 1987 C227 Or.
100 _aMichel Mustin.
245 _aLecompost GESTION DELA MATIERE ORGANIQUE.
260 _aphnom penh
_brua
_c1987
942 _cEK
999 _c21328
_d21328